Państwa na literę T (Quiz - Statystyki

Ogólne statystyki
  • Ten quiz został rozwiązany 196 razy
  • Średni wynik to 8 z 12
Statystyki odpowiedzi
Odpowiedź % Poprawnych
Turcja
98%
Turkmenistan
86%
Tunezja
82%
Tadżykistan
75%
Togo
73%
Tanzania
71%
Tajlandia
67%
Trynidad i Tobago
61%
Tajwan
55%
Tuvalu
54%
Tonga
53%
Timor Wschodni
50%
Nie znaleziono quizów pasujących do podanych kryteriów
Rozkład punktacji
Procent ludzi z każdym wynikiem
Percentyl według liczby udzielonych odpowiedzi
Twoja historia wyników
Nie rozwiązałeś tego quizu